Arquitectura social comunitaria : un diagnóstico de los fenómenos socioespaciales inmersos en la práctica de la arquitectura social comunitaria y la metodología del diseño participativo para la propuesta de espacios públicos comunitarios en Costa Rica
Guardat en:
| Autor principal: | |
|---|---|
| Altres autors: | |
| Format: | Llibre |
| Idioma: | Spanish |
| Publicat: |
San Pedro, [Montes de Oca, San José], Costa Rica
2018
|
| Matèries: |
ARQUITECTURA - LOS CHILES (ALAJUELA, COSTA RICA) - DISEÑOS Y PLANOS
> ARQUITECTURA - LOS GUIDO (DESAMPARADOS, SAN JOSE, COSTA RICA) - DISEÑOS Y PLANOS
> ESPACIO (ARQUITECTURA) - ASPECTOS SOCIALES - COSTA RICA
> DESARROLLO DE LA COMUNIDAD URBANA - COSTA RICA
> PARTICIPACION COMUNITARIA - METODOLOGIA - COSTA RICA
> ASENTAMIENTOS HUMANOS - COSTA RICA
> ESPACIOS PUBLICOS - COSTA RICA
|
| Etiquetes: |
Afegir etiqueta
Sense etiquetes, Sigues el primer a etiquetar aquest registre!
|
MARC
| LEADER | 00000nam a2200000Ia 4500 | ||
|---|---|---|---|
| 003 | EA0190 | ||
| 005 | 20230228101412.0 | ||
| 008 | 140114s2018 cr a 000 ||spa d | ||
| 040 | |c cru CEDI | ||
| 090 | |a TFG EA-190 | ||
| 100 | |a Camacho Quesada, Silvia |9 20375 | ||
| 245 | |a Arquitectura social comunitaria : un diagnóstico de los fenómenos socioespaciales inmersos en la práctica de la arquitectura social comunitaria y la metodología del diseño participativo para la propuesta de espacios públicos comunitarios en Costa Rica | ||
| 260 | |a San Pedro, [Montes de Oca, San José], Costa Rica |c 2018 | ||
| 500 | |a Tesis (licenciatura en arquitectura)--Universidad de Costa Rica. Facultad de Ingeniería. Escuela de Arquitectura | ||
| 501 | |a Directora de Tesis de Graduación: Dra. María de los Ángeles Barahona Israel, Arq. | ||
| 650 | |9 20378 |x ARQUITECTURA - LOS CHILES (ALAJUELA, COSTA RICA) - DISEÑOS Y PLANOS |x ARQUITECTURA - LOS GUIDO (DESAMPARADOS, SAN JOSE, COSTA RICA) - DISEÑOS Y PLANOS |x ESPACIO (ARQUITECTURA) - ASPECTOS SOCIALES - COSTA RICA |x DESARROLLO DE LA COMUNIDAD URBANA - COSTA RICA |x PARTICIPACION COMUNITARIA - METODOLOGIA - COSTA RICA |x ASENTAMIENTOS HUMANOS - COSTA RICA |x ESPACIOS PUBLICOS - COSTA RICA | ||
| 700 | |9 73 |a Barahona Israel, María de los Ángeles, 1952- |d Directora del TFG | ||
| 942 | |c CEDI | ||
| 999 | |c 12929 |d 12929 | ||
